Personnages d'anime (manga) en images - M - Statistiques

Statistiques générales
  • Ce quiz a été pris 310 fois
    267 depuis la dernière actualisation
  • Le résultat moyen est 4 sur 20
Statistiques - réponses
Par images Réponse % Correct
Meruem
93%
Mitsuri Kanroji
60%
Manjiro Sano
39%
Megumin
33%
Miku Nakano
27%
Mei Chang
23%
Mamoru Endo
20%
Mephisto Pheles
20%
Mugen
11%
Mikoto Misaka
7%
Makoto Tachibana
6%
Morgiana
6%
Moritaka Mashiro
5%
Miyuki Shiba
3%
Matsumoto
1%
Melie
1%
Myne
1%
Marimo Bando
0%
Mary Hunt
0%
Mikleo
0%
Aucun quiz correspondant
Distribution des résultats
% des personnes avec chaque résultat
Percentile par nombre de réponses
Votre historique - résultats
Vous n’avez pas pris ce quiz depuis la dernière actualisation